000 00737nam a2200241Ia 4500
003 OSt
005 20221005120238.0
006 a|||||r|||| 00| 0
007 ta
008 221004b |||||||| |||| 00| 0 eng d
020 _c1215
024 _a90852
037 _b113, 28/03/2008, Nadwi Publications
_cTextual
040 _aCRL
_cCRL
_beng
041 _2eng
_aeng
082 _aX5k, 28P0 (RR)
100 _aGhattas Nabin Ed.
_9558648
245 0 _aDictionary of economics, business and finance
_b English - Arabic with an Arabic glossary
260 _c2000
650 _aECONOMICS
942 _hX5k, 28P0 (RR)
_cTEXL
_2cc
999 _c1037371
_d1037371